000 00780cam a2200217 4500
001 WB3937-03
008 031002n2003 000 0 eng u
035 _a(Sirsi) u123823
245 _aBarbican repair plan launch
260 _c2003
490 _aBuilding Design
_v (1595) 26 September, 5(1)
520 _aThe Barbican Centre is to be the focus of a study aimed at speeding up listed building consents for necessary repairs and alterations. English Heritage is supporting the study and it is hoped it will produce valuable information on tackling such issues for other projects.
590 _aWB
650 _aREPAIRS
650 _aBARBICAN
650 _aLONDON
650 _aALTERATIONS
650 _aLISTED BUILDINGS
690 _aBUILT ENVIRONMENT
942 _n0
999 _c73540
_d73540